Detalles MARC
| 000 -LIDER |
| fixed length control field |
01463nam a2200361 a 4500 |
| 001 - NÚMERO DE CONTROL |
| Identificador de número de control |
000020887 |
| 003 - IDENTIFICACDOR DE NÚMERO DE CONTROL |
| control field |
DO-SdBNP |
| 005 - DATE AND TIME OF LATEST TRANSACTION |
| control field |
20170918101212.0 |
| 007 - CAMPOS FIJOS DE DESCRIPCIÓN FÍSICA |
| fixed length control field |
000020887 |
| 008 - ELEMENTOS DE LONGITUD FIJA |
| fixed length control field |
100823s2003 dr ac 001 0 spa d |
| 020 ## - ISBN |
| International Standard Book Number |
9993400084 |
| 040 ## - FUENTE DE CATALOGACIÓN |
| Agencia que crea de manera original el registro |
BPMSU |
| Idioma de catalogación |
spa |
| Agencia que realiza la transcripción |
BPMSU |
| 041 17 - CÓDIGOS DE OBRAS TRADUCIDAS O EN VARIOS IDIOMAS |
| Código del idioma del texto/archivo de sonido o separata |
spa |
| Cód. del idioma original y/o traducciones intermedias del texto |
eng |
| 082 #4 - NÚMERO DE CLASIFICACIÓN DECIMAL DE DEWEY |
| Classification number |
R709.7293 |
| Item number |
G377e, 2003 |
| 100 1# - ASIENTO PRINCIPAL -- NOMBRE PERSONAL |
| Nombre personal |
Gerón, Cándido, |
| Fechas asociadas con el nombre |
1950- |
| 245 10 - MENCIÓN DE TITULO |
| Título |
Enciclopedia de las artes plásticas dominicanas : |
| Subtítulo |
1844-2003 / |
| Mención de responsabilidad |
Cándido Gerón ; traducción Altagracia Amelia Cabral ; ilustración Víctor Eugenio Cortina. |
| 246 1# - VARIACION DEL TÍTULO |
| Título propiamente dicho o título corto |
Encyclopedia of Dominican plastic arts 1844-2003 |
| 250 ## - MENCIÓN DE EDICION |
| Mención de edición |
5a ed. aumentada, actualizada y corregida. |
| 260 ## - PUBLICACIÓN, DISTRIBUCIÓN, ETC. (PIE DE IMPRENTA) |
| Lugar de publicación, distribución, etc |
Santo Domingo : |
| Nombre del editor, distribuidor, etc. |
Corripio, |
| Fecha de publicación, distribución, etc |
2003. |
| 300 ## - DESCRIPCIÓN FÍSICA |
| Extensión |
733 p. : |
| Otros detalles físicos |
il., retrs. ; |
| Dimensiones |
31 cm. |
| 504 ## - NOTA DE BIBLIOGRAFÍA, ETC. |
| Bibliography, etc |
Incluye referencias bibliográficas |
| 586 ## - AWARDS NOTE |
| Awards note |
Premio nacional de didáctica 1988 |
| 650 #4 - ENCABEZAMIENTO DE MATERIA--TEMÁTICO |
| Término temático o nombre geográfico como elemento de entrada |
ARTE DOMINICANA |
| Subdivisión cronológica |
1844-2003 |
| Subdivisión de forma |
DICCIONARIOS, ENCICLOPEDIAS |
| 650 #4 - ENCABEZAMIENTO DE MATERIA--TEMÁTICO |
| Término temático o nombre geográfico como elemento de entrada |
ARTE MODERNO |
| Subdivisión geográfica |
REPÚBLICA DOMINICANA |
| Subdivisión cronológica |
1844-2003 |
| Subdivisión de forma |
DICCIONARIOS, ENCICLOPEDIAS |
| 650 #4 - ENCABEZAMIENTO DE MATERIA--TEMÁTICO |
| Término temático o nombre geográfico como elemento de entrada |
PINTURAS DOMINICANAS |
| Subdivisión cronológica |
1844-2003 |
| Subdivisión de forma |
DICCIONARIOS, ENCICLOPEDIAS |
| 650 #4 - ENCABEZAMIENTO DE MATERIA--TEMÁTICO |
| Término temático o nombre geográfico como elemento de entrada |
ARTISTAS DOMINICANOS |
| Subdivisión temática general |
BIOGRAFÍAS |
| Subdivisión cronológica |
1844-2003 |
| Subdivisión de forma |
DICCIONARIOS, ENCICLOPEDIAS |
| 700 12 - ASIENTO SECUNDARIO -- NOMBRE PERSONAL |
| Nombre personal |
Cabral, Altagracia Amelia, |
| Mención de responsabilidad |
tr. |
| 700 12 - ASIENTO SECUNDARIO -- NOMBRE PERSONAL |
| Nombre personal |
Cortina, Víctor Eugenio, |
| Mención de responsabilidad |
il. |
| 910 ## - VALIDACIÓN |
| Validación |
Validado. Control de calidad BNPHU |
| 942 ## - ADDED ENTRY ELEMENTS (KOHA) |
| Source of classification or shelving scheme |
Dewey Decimal Classification |
| Koha item type |
Libros |
| 945 ## - INFORMACIÓN DE PROCESAMIENTO LOCAL |
| Información de procesamiento local |
Inventariado, 2017/MFF |
| 956 ## - LOCAL ELECTRONIC LOCATION AND ACCESS (OCLC) |
| Nombre de host |
VMATEO |
| Número de acceso |
10 |
| Información de compresión |
20140423 |
| Inicio de sesión |
BPMSU |
| Procesador de solicitud |
0069 |